LEADER 01102nam a2200265 i 4500 001 991001522589707536 008 111206s2011 it 000 0 ita d 020 $a9788856839913 035 $ab14027835-39ule_inst 040 $aDip.to Scienze pedagogiche$bita 082 0 $a352 245 03$aLa governance del territorio :$bpartecipazione e rappresentanza della società civile e nelle politiche locali /$ca cura di Matteo Bassoli ed Emanuele Polizzi 260 $aMilano :$bF. Angeli,$c2011 300 $a250 p. ;$c23 cm 440 $aGlobalizzazione, partecipazione, movimenti Testi ;$v9 650 4$aGoverni locali$zItalia 650 4$aAssociazioni professionali$xAttività politica$zItalia 700 $aBassoli, Matteo 700 $aPolizzi, Emanuele 907 $a.b14027835$b02-04-14$c06-12-11 912 $a991001522589707536 945 $aLE022 352 BAS01.01$g1$i2022000135177$lle022$nLE022/MANNARINI/2011$op$pE28.00$q-$rl$s- $t0$u10$v1$w10$x0$y.i15358379$z09-12-11 996 $aGovernance del territorio$9243730 997 $aUNISALENTO 998 $ale022$b06-12-11$cm$da $e-$fita$git $h3$i0 LEADER 01464nas# 22002771i 450 001 UON00037208 005 20231205102129.717 100 $a20020107a1984 |0itac50 ba 101 $aurd 102 $aPK 105 $a|||| 1|||| 110 $aaB||||||||| 200 1 $aˆAl-‰Arab$eIslamic review published from Pakistan 210 $aKarachi$cAl-Arab v. ; 25 cm Bimestrale 215 $aDescrizione basata su: vol. 47(1983) n. 1/2 620 $aPK$dKarachi$3UONL000094 686 $aPK$cPAKISTAN - PERIODICI$2A 686 $aDONO$cPERIODICI - DONO$2A 686 $aPERIODICI NON ATTIVI$cPERIODICI - NON ATTIVI$2A 712 $aAl-Arab$3UONV252051$4650 801 $aIT$bSOL$c20240220$gRICA 899 $aSIBA - SISTEMA BIBLIOTECARIO DI ATENEO$2UONSI$429(1965) *5>8* 30(1966) *5>8* 32(1968) *3/4* 33(1969) *3>6,9/10* 34(1970) *7/8,11/12* 35(1971) 5/6,9/10* 36(1972) *C* 37(1973) *1/2* 38(1974) *9>12* 39(1975) *1>4,7>10* 40(1976) *3>10* 41(1977) > 52(1988) *scompl.*$cPer 1363 S 73 (UFFICIO 18) ; 912 $aUON00037208 950 $aSIBA - SISTEMA BIBLIOTECARIO DI ATENEO$bSI 29(1965) *5>8* 30(1966) *5>8* 32(1968) *3/4* 33(1969) *3>6,9/10* 34(1970) *7/8,11/12* 35(1971) 5/6,9/10* 36(1972) *C* 37(1973) *1/2* 38(1974) *9>12* 39(1975) *1>4,7>10* 40(1976) *3>10* 41(1977) > 52(1988) *scompl.*$dSI A Per 1363 1981 $eSI SA 27818 7 1981 996 $aArab$91320870 997 $aUNIOR